书目信息 |
| 题名: |
嵌入式操作系统
|
|
| 作者: | 刘洪涛 , 高明旭 主编 | |
| 分册: | Linux篇 | |
| 出版信息: | 北京 人民邮电出版社 2017 |
|
| 页数: | 230页 | |
| 开本: | 26cm | |
| 丛书名: | ||
| 单 册: | ||
| 中图分类: | TP316.2 , TP316.85 , TP316 | |
| 科图分类: | ||
| 主题词: | 实时操作系统--高等学校--教材 , Linux操作系统--程序设计--高等学校--教材 | |
| 电子资源: | ||
| ISBN: | 978-7-115-44687-9 | |
| 000 | 01172nam0 2200313 450 | |
| 001 | 2348702959 | |
| 005 | 20231221133225.93 | |
| 010 | @a978-7-115-44687-9@d49.80CNY | |
| 090 | @aTP316.2@blht | |
| 096 | @aTP316.2@blht | |
| 100 | @a20170411d2017 em y0chiy0120 ea | |
| 101 | 0 | @achi |
| 102 | @aCN@b110000 | |
| 105 | @aa z 000yy | |
| 200 | 1 | @a嵌入式操作系统@Aqian ru shi cao zuo xi tong@iLinux篇@e微课版@f刘洪涛,高明旭主编 |
| 205 | @a3版 | |
| 210 | @a北京@c人民邮电出版社@d2017 | |
| 215 | @a230页@c图@d26cm | |
| 300 | @a高等院校嵌入式人才培养规划教材 | |
| 330 | @a本书较为全面地介绍了嵌入式操作系统,全书共10章,分别为嵌入式Linux操作系统简介、嵌入式Linux操作系统的使用、Linux软件管理、Linux用户管理、Linux文件系统、Linux网络配置管理、嵌入式Linux编程环境、Shell编程环境、中断与设备管理、正则表达式,书中还提供了练习题和配套视频。 | |
| 606 | 0 | @a实时操作系统@x高等学校@j教材 |
| 606 | 0 | @aLinux操作系统@x程序设计@x高等学校@j教材 |
| 690 | @aTP316.2@v5 | |
| 690 | @aTP316.85@v5 | |
| 690 | @aTP316@v4 | |
| 701 | 0 | @a刘洪涛@Aliu hong tao@4主编 |
| 701 | 0 | @a高明旭@Agao ming xu@4主编 |
| 801 | 2 | @aCN@b辽宁北配@c20231205 |
| 905 | @aBZT@dTP316@e137:1=3 | |
| 嵌入式操作系统.Linux篇:微课版/刘洪涛,高明旭主编.-3版.-北京:人民邮电出版社,2017 |
| 230页:图;26cm |
| 高等院校嵌入式人才培养规划教材 |
| ISBN 978-7-115-44687-9:49.80CNY |
| 本书较为全面地介绍了嵌入式操作系统,全书共10章,分别为嵌入式Linux操作系统简介、嵌入式Linux操作系统的使用、Linux软件管理、Linux用户管理、Linux文件系统、Linux网络配置管理、嵌入式Linux编程环境、Shell编程环境、中断与设备管理、正则表达式,书中还提供了练习题和配套视频。 |
| ● |
| 相关链接 |
|
|
|
正题名:嵌入式操作系统
索取号:TP316/137:1=3
 
预约/预借
| 序号 | 登录号 | 条形码 | 馆藏地/架位号 | 状态 | 备注 |
| 1 | 2001684661 | 2001684661 | 315书库/ [索取号:TP316/137:1=3] | 在馆 | |
| 2 | 2001684662 | 2001684662 | 516书库/ [索取号:TP316/137:1=3] | 在馆 | |
| 3 | 2001684663 | 2001684663 | 516书库/ [索取号:TP316/137:1=3] | 在馆 | |
| 4 | 2001684664 | 2001684664 | 315书库/ [索取号:TP316/137:1=3] | 在馆 | |
| 5 | 2001684665 | 2001684665 | 315书库/ [索取号:TP316/137:1=3] | 在馆 | |
| 6 | 2001684666 | 2001684666 | 315书库/ [索取号:TP316/137:1=3] | 在馆 | |
| 7 | 2001684667 | 2001684667 | 315书库/ [索取号:TP316/137:1=3] | 在馆 | |
| 8 | 2001684668 | 2001684668 | 315书库/ [索取号:TP316/137:1=3] | 在馆 | |
| 9 | 2001684669 | 2001684669 | 516书库/ [索取号:TP316/137:1=3] | 在馆 | |
| 10 | 2001684670 | 2001684670 | 516书库/ [索取号:TP316/137:1=3] | 在馆 | |
| 11 | 2001684671 | 2001684671 | 516书库/ [索取号:TP316/137:1=3] | 在馆 | |
| 12 | 2001684672 | 2001684672 | 516书库/ [索取号:TP316/137:1=3] | 在馆 | |
| 13 | 2001684673 | 2001684673 | 516书库/ [索取号:TP316/137:1=3] | 在馆 |